000 00461nam a22001457a 4500
999 _c109188
_d109188
005 20191221114956.0
008 181129b ||||| |||| 00| 0 eng d
040 _cPK-LaUMT
082 _aRHC 891.4393
_bLAL-R
100 _aMunshi Gumani Lal)منشی گمانی لال
245 _aRiyaz-e-dilruba (ریاض دلربا)/
_cMunshi Gumani Lal)منشی گمانی لال
260 _aلاہور:
_bمجلس ترقی ادب
_c2001
300 _a112
942 _cBK